header

RFID design principles (Record no. 36020)

MARC details
000 -LEADER
fixed length control field 01227nam a2200325Ia 4500
100 1# - MAIN ENTRY--AUTHOR NAME
Personal name Lehpamer, Harvey,
245 10 - TITLE STATEMENT
Title RFID design principles
260 ## - PUBLICATION, DISTRIBUTION, ETC. (IMPRINT)
Place of publication Boston :
Name of publisher Artech House,
Year of publication c2008.
300 ## - PHYSICAL DESCRIPTION
Number of Pages xii, 293 p. :
Other physical details ill.
490 1# - SERIES STATEMENT
Series statement Artech House microwave library
650 #0 - SUBJECT ADDED ENTRY--TOPICAL TERM
Topical Term Radio frequency identification systems.
Topical Term Radio telemetry.
856 40 - ELECTRONIC LOCATION AND ACCESS
Uniform Resource Identifier http://site.ebrary.com/lib/rucke/Doc?id=10240789

No items available.

© 2026 Rongo University
Contact us: librarian | system librarian | Rongo university